Cómo elaborar y usar los manuales administrativos (Registro nro. 474)

Detalles MARC
000 -LEADER
fixed length control field 01019 a2200229 4500
001 - CONTROL NUMBER
control field 10543
005 - DATE AND TIME OF LATEST TRANSACTION
control field 20260407155439.0
008 - FIXED-LENGTH DATA ELEMENTS--GENERAL INFORMATION
fixed length control field 260407a2012 arg spa d
003 - CONTROL NUMBER IDENTIFIER
control field AR-UNSa-BCEJYS
040 ## - CATALOGING SOURCE
Original cataloging agency AR-UNSa-BCEJYS
Language of cataloging spa
Transcribing agency AR-UNSa-BCEJYS
080 ## - UNIVERSAL DECIMAL CLASSIFICATION NUMBER
Universal Decimal Classification number 658.014.14
Common auxiliary subdivision Manuales Administrativos
020 ## - INTERNATIONAL STANDARD BOOK NUMBER
International Standard Book Number 978-607-481-634-1
041 ## - LANGUAGE CODE
Language code of text/sound track or separate title spa
100 1# - MAIN ENTRY--PERSONAL NAME
Personal name Rodríguez Valencia, Joaquín
245 10 - TITLE STATEMENT
Title Cómo elaborar y usar los manuales administrativos
250 ## - EDITION STATEMENT
Edition statement 4a. ed.
264 #1 - PRODUCTION, PUBLICATION, DISTRIBUTION, MANUFACTURE, AND COPYRIGHT NOTICE
Place of production, publication, distribution, manufacture México :
Name of producer, publisher, distributor, manufacturer Cengage Learning Editores
Date of production, publication, distribution, manufacture, or copyright notice 2012
300 ## - PHYSICAL DESCRIPTION
Extent 184 p.
Dimensions 24 cm.
505 ## - FORMATTED CONTENTS NOTE
Formatted contents note 1. Estructura y organización de las empresas - 2. Configuración del diseño organizacional - 3. Diseño de las organizaciones - 4. Manuales administrativos - 5. Técnicas para elaborar manuales administrativos - 6. El manual de organización - 7. El manual de procedimientos - 8. Manual de políticas - 9. Manuales para función específica - 10. El manual de manuales
590 ## - LOCAL NOTE (RLIN)
Local note niveau_biblio:m niveau_hierar:0
942 ## - ADDED ENTRY ELEMENTS (KOHA)
Koha item type
Existencias
Withdrawn status Lost status Damaged status Not for loan Home library Current library Shelving location Date acquired Total checkouts Full call number Barcode Date last seen Price effective from Koha item type Public note
        Biblioteca Prof. Eusebio Cleto del Rey Biblioteca Prof. Eusebio Cleto del Rey   07/04/2026   658.014.14 R696 4ed. L118791 07/04/2026 07/04/2026 Libro  
        Biblioteca Prof. Eusebio Cleto del Rey Biblioteca Prof. Eusebio Cleto del Rey   07/04/2026   658.014.14 R696 4ed. L118792 07/04/2026 07/04/2026 Libro PÁG. 70 Y 71 ARRUGADA Y MANCHADA - ESQUINA INFERIOR MANCHADO LEVE PÁG. 41 A 67
        Biblioteca Prof. Eusebio Cleto del Rey Biblioteca Prof. Eusebio Cleto del Rey   07/04/2026   658.014.14 R696 4ed. L118793 07/04/2026 07/04/2026 Libro  
        Biblioteca Prof. Eusebio Cleto del Rey Biblioteca Prof. Eusebio Cleto del Rey   07/04/2026   658.014.14 R696 4ed. L125202 07/04/2026 07/04/2026 Libro PÁG. 14 A 26 MANCHADO LEVE - SUBRAYADO LEVE C/ LÁPIZ PÁG. 151 A 153 - CANTO UN POCO SUCIO
        Biblioteca Prof. Eusebio Cleto del Rey Biblioteca Prof. Eusebio Cleto del Rey   07/04/2026   658.014.14 R696 4ed. L125203 07/04/2026 07/04/2026 Libro 1RA HOJA ARRUGADA
        Biblioteca Prof. Eusebio Cleto del Rey Biblioteca Prof. Eusebio Cleto del Rey   07/04/2026   658.014.14 R696 4ed. L125204 07/04/2026 07/04/2026 Libro  
        Biblioteca Prof. Eusebio Cleto del Rey Biblioteca Prof. Eusebio Cleto del Rey   07/04/2026   658.014.14 R696 4ed. L126817 07/04/2026 07/04/2026 Libro  
        Biblioteca Prof. Eusebio Cleto del Rey Biblioteca Prof. Eusebio Cleto del Rey   07/04/2026   658.014.14 R696 4ed. L126818 07/04/2026 07/04/2026 Libro  
        Biblioteca Prof. Eusebio Cleto del Rey Biblioteca Prof. Eusebio Cleto del Rey   07/04/2026   658.014.14 R696 4ed. L126819 07/04/2026 07/04/2026 Libro